ÇAĞLAYANLAR (Record no. 892131)

MARC details
000 -LEADER
sabit uzunluktaki kontrol alanı 00250nam a2200097Ia 4500
001 - KONTROL NUMARASI
kontrol alanı 892131
005 - EN SON İŞLEMİN TARİH VE ZAMANI
kontrol alanı 20250826184230.0
008 - SABİT-UZUNLUKTA VERİ ÖĞELERİ--GENEL BİLGİ
sabit uzunluktaki kontrol alanı 250824s9999 xx 000 0 und d
245 #0 - ESER / YAZAR
ESER ADI ÇAĞLAYANLAR
Yazar Adı AHMET HİKMET MÜFTÜOĞLU
260 ## - YAYIN, DAĞITIM, VB.
YAYIN EVİ İSKELE YAYINLARI
Holdings
Düşüm durumu Kayıp durumu Hasar Durumu Ödünç verilmez Ana kütüphane Geçerli Kütüphane Edinilen tarih Toplam ödünç verme sayısı Barkod Son görüntüleme tarihi Son ödünç verme tarihi Fiyatın geçerli olmaya başladığı tarih Koha materyal türü
        MAREŞAL MUSTAFA KEMAL ORTAOKULU MAREŞAL MUSTAFA KEMAL ORTAOKULU 24.08.2025 1 10653856 21.11.2025 17.11.2025 26.08.2025 Books